| 000 | 00499nam a2200169 a 4500 | ||
|---|---|---|---|
| 001 | 1761 | ||
| 005 | 20140414132119.0 | ||
| 008 | 001218s19uu xx 00 eng d | ||
| 020 | _a | ||
| 050 |
_aM 808.838 _bS89 1994 |
||
| 100 | _aSewell, Anna | ||
| 245 |
_aBlack Beauty / _cby Anna Sewell ; retold by Betty Evans and Audrey Daly ; illustrated by David Barnett Woodcuts. |
||
| 260 |
_bTwin books, _c1994. |
||
| 440 | _aLadybird classics | ||
| 650 | _aHorse stories - Fiction. | ||
| 999 |
_c114998 _d114998 |
||